书目信息 |
| 题名: |
现代兵器
|
|
| 作者: | 刘树勇 撰 | |
| 分册: | ||
| 出版信息: | 杭州 浙江教育出版社 1997 |
|
| 页数: | 181页 | |
| 开本: | 29cm | |
| 丛书名: | 世界科普画廊 | |
| 单 册: | ||
| 中图分类: | E92-49 , N49 | |
| 科图分类: | ||
| 主题词: | 武器--世界--普及读物 , 自然科学--普及读物 | |
| 电子资源: | ||
| ISBN: | 7-5338-2773-2 | |
| 000 | 00721nam2 2200265 450 | |
| 001 | 1569451925 | |
| 005 | 20150118191757.48 | |
| 010 | @a7-5338-2773-2@b精装@dCNY50.00 | |
| 100 | @a20021005d1997 em y0chiy0110 ea | |
| 101 | 0 | @achi |
| 102 | @aCN@b330000 | |
| 105 | @aa z 000yy | |
| 200 | 1 | @a现代兵器@9xian dai bing qi@f刘树勇等撰 |
| 210 | @a杭州@c浙江教育出版社@d1997 | |
| 215 | @a181页@d29cm | |
| 225 | 2 | @a世界科普画廊 |
| 300 | @a国家“九五”出版规划重点图书 | |
| 461 | 0 | @12001 @a世界科普画廊 |
| 606 | 0 | @a武器@y世界@x普及读物 |
| 606 | 0 | @a自然科学@x普及读物 |
| 690 | @aE92-49@v5 | |
| 690 | @aN49@v4 | |
| 701 | 0 | @a刘树勇@9liu shu yong@4撰 |
| 801 | 0 | @aCN@bTSSF@c20150118 |
| 905 | @aZUCC@dN49@eJY169 | |
| 现代兵器/刘树勇等撰.-杭州:浙江教育出版社,1997 |
| 181页;29cm.-(世界科普画廊) |
| 国家“九五”出版规划重点图书 |
| ISBN 7-5338-2773-2(精装):CNY50.00 |
| ● |
| 相关链接 |
|
|
|
|
正题名:现代兵器
索取号:N49/JY169
 
预约/预借
| 序号 | 登录号 | 条形码 | 馆藏地/架位号 | 状态 | 备注 |
| 1 | 7847930 | 278479308 | 学院路分馆/ [索取号:N49/JY169] | 在馆 |